<?xml version="1.0" encoding="UTF-8"?>
<record
    xmlns:xsi="http://www.w3.org/2001/XMLSchema-instance"
    xsi:schemaLocation="http://www.loc.gov/MARC21/slim http://www.loc.gov/standards/marcxml/schema/MARC21slim.xsd"
    xmlns="http://www.loc.gov/MARC21/slim">

  <leader>03288cam a2200385 i 4500</leader>
  <controlfield tag="001">16418382</controlfield>
  <controlfield tag="003">EG-ScBUE</controlfield>
  <controlfield tag="005">20230301035135.0</controlfield>
  <controlfield tag="008">221101s2022    ua ab  f b    001 0 eng d</controlfield>
  <datafield tag="020" ind1=" " ind2=" ">
    <subfield code="a">9781617972836</subfield>
  </datafield>
  <datafield tag="020" ind1=" " ind2=" ">
    <subfield code="a">1617972835</subfield>
  </datafield>
  <datafield tag="035" ind1=" " ind2=" ">
    <subfield code="a">(DLC)  2021055876</subfield>
  </datafield>
  <datafield tag="035" ind1=" " ind2=" ">
    <subfield code="a">16418382</subfield>
  </datafield>
  <datafield tag="040" ind1=" " ind2=" ">
    <subfield code="a">ICU/DLC</subfield>
    <subfield code="b">eng</subfield>
    <subfield code="e">rda</subfield>
    <subfield code="c">DLC</subfield>
    <subfield code="d">OCLCO</subfield>
    <subfield code="d">OCLCF</subfield>
    <subfield code="d">OCLCO</subfield>
    <subfield code="d">YDX</subfield>
    <subfield code="d">EG-ScBUE</subfield>
  </datafield>
  <datafield tag="043" ind1=" " ind2=" ">
    <subfield code="a">f-ua---</subfield>
  </datafield>
  <datafield tag="082" ind1="0" ind2="4">
    <subfield code="2">22</subfield>
    <subfield code="a">722.2</subfield>
    <subfield code="b">ARN</subfield>
  </datafield>
  <datafield tag="100" ind1="1" ind2=" ">
    <subfield code="a">Arnold, Felix,</subfield>
    <subfield code="d">1972-</subfield>
    <subfield code="e">author.</subfield>
  </datafield>
  <datafield tag="245" ind1="1" ind2="0">
    <subfield code="a">Ancient Egyptian architecture in fifteen monuments /</subfield>
    <subfield code="c">Felix Arnold.</subfield>
  </datafield>
  <datafield tag="264" ind1=" " ind2="1">
    <subfield code="a">Cairo ;</subfield>
    <subfield code="a">New York :</subfield>
    <subfield code="b">The American University in Cairo Press,</subfield>
    <subfield code="c">2022.</subfield>
  </datafield>
  <datafield tag="300" ind1=" " ind2=" ">
    <subfield code="a">xiii, 109 pages :</subfield>
    <subfield code="b">illustrations, maps ;</subfield>
    <subfield code="c">25 cm</subfield>
  </datafield>
  <datafield tag="336" ind1=" " ind2=" ">
    <subfield code="a">text</subfield>
    <subfield code="b">txt</subfield>
    <subfield code="2">rdacontent</subfield>
  </datafield>
  <datafield tag="337" ind1=" " ind2=" ">
    <subfield code="a">unmediated</subfield>
    <subfield code="b">n</subfield>
    <subfield code="2">rdamedia</subfield>
  </datafield>
  <datafield tag="338" ind1=" " ind2=" ">
    <subfield code="a">volume</subfield>
    <subfield code="b">nc</subfield>
    <subfield code="2">rdacarrier</subfield>
  </datafield>
  <datafield tag="504" ind1=" " ind2=" ">
    <subfield code="a">Includes bibliographical references and index.</subfield>
  </datafield>
  <datafield tag="505" ind1="0" ind2=" ">
    <subfield code="a">Subduing the forces of nature and the founding of a state. The per-wer : harnessing animal-power; The Shunet al-Zebib: power by separation; The Djoser-complex : modern architecture; The Bent Pyramid : bodies in light; The Temple of Sahure : imitating nature -- Moral responsibility and the construction of society. The hut-ka-Chapel at Bubastis : simple construction; The Temple of Mentuhotep II : opening space; The White Chapel : striving for perfection; The Labyrinth : cultivating choice; Hatshepsut's Thebes : creating landscapes -- Erected demarcations and the emergence of religious communities. The Great Aten-Temple : the sky is the limit; The Great Hypostyle Hall : projected power; The Temple at Tanis : segregation by purity; The Naos of Mendes : space compacted; The Edfu Temple : space assembled -- Ancient Egyptian architecture : a summary.</subfield>
  </datafield>
  <datafield tag="520" ind1=" " ind2=" ">
    <subfield code="a">"The monuments of ancient Egypt have held scholars and tourists in their thrall for centuries. The sheer mass of the pyramids of Giza, the interaction of the temples at Deir al-Bahari with the natural environment, and the use of light in the hypostyle hall of Karnak all make these buildings world-class masterpieces of architecture, rivaling those of Greece and Rome. Ancient Egyptian Architecture in Fifteen Monuments presents an authoritative overview of Egyptian architecture from the point of view of an archaeologist and architectural historian with decades of fieldwork experience in Egypt and elsewhere. It focuses on fifteen selected masterpieces, from well-known structures such as the Bent Pyramid in Dahshur and the temple of Horus at Edfu to lesser-known monuments in Hierakonpolis, Abydos, Hawara, and Bubastis, each building representing an important stage in the development of Egyptian architecture and a different vision of what architecture should aspire to achieve. Using sixty reconstruction drawings and black-and-white photographs, Felix Arnold presents new insights into form, meaning, and the organization of space, providing a fresh perspective on ancient Egyptian culture and society."--</subfield>
    <subfield code="c">Provided by publisher.</subfield>
  </datafield>
  <datafield tag="650" ind1=" " ind2="7">
    <subfield code="a">Architecture, Egyptian.</subfield>
    <subfield code="2">BUEsh</subfield>
  </datafield>
  <datafield tag="650" ind1=" " ind2="7">
    <subfield code="a">Architecture, Ancient</subfield>
    <subfield code="z">Egypt.</subfield>
    <subfield code="2">BUEsh</subfield>
  </datafield>
  <datafield tag="653" ind1=" " ind2=" ">
    <subfield code="b">ENGARC</subfield>
    <subfield code="c">March2023</subfield>
  </datafield>
  <datafield tag="655" ind1=" " ind2=" ">
    <subfield code="v">Reading book</subfield>
  </datafield>
  <datafield tag="942" ind1=" " ind2=" ">
    <subfield code="2">ddc</subfield>
    <subfield code="c">BB</subfield>
  </datafield>
  <datafield tag="960" ind1=" " ind2=" ">
    <subfield code="a">39002134707877</subfield>
  </datafield>
  <datafield tag="987" ind1=" " ind2=" ">
    <subfield code="c">ON ORDER</subfield>
  </datafield>
  <datafield tag="999" ind1=" " ind2=" ">
    <subfield code="c">30167</subfield>
    <subfield code="d">30138</subfield>
  </datafield>
  <datafield tag="952" ind1=" " ind2=" ">
    <subfield code="0">0</subfield>
    <subfield code="1">0</subfield>
    <subfield code="2">ddc</subfield>
    <subfield code="4">0</subfield>
    <subfield code="7">0</subfield>
    <subfield code="8">Baccah</subfield>
    <subfield code="a">MAIN</subfield>
    <subfield code="b">MAIN</subfield>
    <subfield code="c">2ND</subfield>
    <subfield code="d">2023-03-01</subfield>
    <subfield code="e">Purchase</subfield>
    <subfield code="g">975.00</subfield>
    <subfield code="h">37179</subfield>
    <subfield code="l">0</subfield>
    <subfield code="o">722.2 ARN</subfield>
    <subfield code="p">000044797</subfield>
    <subfield code="r">2025-07-15 00:00:00</subfield>
    <subfield code="v">1218.75</subfield>
    <subfield code="w">2023-03-01</subfield>
    <subfield code="y">BB</subfield>
  </datafield>
</record>
